000 01399nam a2200301 i 4500
003 DO-SdBPM
005 20260119103918.0
007 ta
008 221101e2022 dr aod|gr|||| 001 edspa d
020 _a9789945635089
040 _aDO-SdBPM
_bspa
_cBPMSU
_erda
_d
082 4 _aRD863.5
_bD948p 2026
_222
100 1 _aDurán Ureña, Miguelángel ,
_eautor
_4aut.
245 1 3 _aLa prosa poética en los cuentos de Juan Bosch /
_cMiguelángel Durán Ureña
264 1 _aSanto Domingo :
_bEditora Santuario,
_c2022.
300 _a196 páginas :
_bilustraciones, fotografías, gráficos ;
_c23 cm.
336 _atexto
_btxt
_2rdacontent
337 _asin mediación
_bn
_2rdamedia
338 _avolumen
_bnc
_2rdacarrier
500 _aIncluye datos biográficos del autor en las solapas
500 _aIncluye referencias bibliográficas y notas al pie de las páginas.
505 0 _aSemblanza literaria de Juan Bosch-- A modo de presentación -- Capítulo 1 : Cuentos escritos antes del exilio -- Capítulo 2 : Cuentos escritos en el exilio -- Capítulo 3 : Mas cuentos escritos en el exilio.-- Capítulo 4 : Mas cuentos todavía -- Apéndice -- conclusión -- bibliografía -- Anexos.- Resumen en español e inglés.
590 _aInventariado 2026 / VM.
650 7 _aCuentos dominicanos
650 7 _aLiteratura dominicana
910 _aVMateo V. Control de calidad BPMSU
942 _2ddc
_cBK
999 _c15608
_d15608